|
|
|
|
| LEADER |
00000nam a22000007a 4500 |
| 005 |
20220325223353.0 |
| 007 |
cr|||| |||| |
| 008 |
220325s2019 br |||||s|||| 00||0 por d |
| 020 |
|
|
|a 978-85-301-0004-9
|
| 035 |
|
|
|a 35983
|
| 040 |
|
|
|a vLex
|
| 090 |
|
|
|c 13088
|d 13088
|
| 100 |
1 |
|
|a Messias Saliba, Tuffi
|
| 245 |
1 |
0 |
|a Manual prt̀ico de avaliaȯ̂ e controle de vibraȯ̂
|h [Recurso electrn̤ico] /
|c Tuffi Messias Saliba, Mr̀cia Angelim Chaves Corrå, Maria Beatriz De Freitas Lanza
|
| 256 |
|
|
|a Servicio en ln̕ea
|
| 260 |
|
|
|a San Pablo:
|b LTR,
|c 2019
|
| 300 |
|
|
|a 1 recurso electrn̤ico
|
| 506 |
1 |
|
|a Disponible solo en los productos indicados
|d vLex Global
|d vLex Global (Academic Edition, excluding Law Schools)
|d vLex Global (U.S. Academic Edition, Law Schools)
|d vLex Global (U.S. Academic Edition, excluding Law Schools)
|d vLex Global (Academic Edition, Law Schools)
|
| 650 |
0 |
4 |
|a Derecho Laboral y Seguridad Social
|z Brasil
|
| 700 |
1 |
|
|a Chaves Corrå, Mr̀cia Angelim
|
| 700 |
1 |
|
|a De Freitas Lanza, Maria Beatriz
|
| 740 |
0 |
|
|a vLex Libros (Servicio en ln̕ea)
|
| 856 |
4 |
0 |
|u https://app.vlex.com/#/sources/35983
|z Acceso restringido
|
| 942 |
|
|
|c BOOK
|
| 999 |
0 |
|
|a Labor law and social security
|